| 000 | 004760000a22001930004500 | ||
|---|---|---|---|
| 001 | 002805 | ||
| 003 | MACL | ||
| 005 | 20150726170621.0 | ||
| 008 | 150726b xxu||||| |||| 00| 0 eng d | ||
| 040 |
_aMACL _cMACL |
||
| 041 | _aEnglish | ||
| 082 | _a331/SAT | ||
| 100 |
_aSattar, Nargis _91476 |
||
| 245 |
_aWomen and Women's Movement in India _cNargis Sattar |
||
| 260 |
_aKolkata _c2006 _bBest Books, |
||
| 350 | _a120 | ||
| 650 |
_aEconomics _92699 |
||
| 942 |
_k331 _cBK _2ddc |
||
| 999 |
_c14713 _d14713 |
||